00928 a2200181 45000010006000000050017000060080041000230030015000640400040000790800036001192450090001550200018002452500012002632640038002753000019003135050393003321000021007254672320260407155738.0260407a1983 arg spa dAR-UNSa-BCEJYS aAR-UNSa-BCEJYSbspacAR-UNSa-BCEJYS a330.35xCrecimiento económico10aCrecimiento económico y distribución de la rentapensayos de teoría económica a84-206-2111-7 a2a. ed. 1aMadrid :bAlianza Editorialc1983 a178 p.c20 cm. a1.Una formulación matemática del sistema ricardiano – 2. La teoría de la demanda efectiva – 3. Fluctuaciones cíclicas y crecimiento económico – 4. De la dinámica económica clásica a la keynesiana – 5. Tasa de beneficio y distribución de la renta en relación con la tasa de crecimiento económico – 6. La tasa de beneficio en una economía en expansión. 1 aPasinetti, Luigi